000 00705nam a2200289Ia 4500
005 20260324120730.0
008 008 260324s9999 xx 000 0 eng d
020 _a9781315553726
037 _aEBOOK
040 _aCRL
040 _beng
040 _cCRL
041 _2eng
041 _aeng
084 _qCRL
100 _aRonald Lorenzo
_91159750
245 4 _aThe Puritan Culture of America's Military
245 0 _bU.S. Army War Crimes in Iraq and Afghanistan
260 _bTaylor and Francis
260 _c2014
365 _a
365 _b240
856 _uhttp://www.taylorfrancis.com/books/9781315553726
942 _cEBOOK
999 _c1751431
_d1751431